000 00535nmm a2200193Ia 4500
008 251105s9999||||xx |||||||||||||||||und||
020 _a9788484288275
041 _aspa
100 _aGallenzi, Alessandro
245 0 _aBestseller
264 _a[Madrid, España] :
_bAlba Editorial,
_c2013
300 _a272 páginas
490 _aAlba Contemporánea
650 _aEnglish Narrative
700 _aGallenzi, Alessandro
700 1 _a Vidal Sanz, Laura
856 _uhttps://public.digitaliapublishing.com/a/33241
942 _cCF
999 _c65818
_d65818